000 00728nam a22002297a 4500
999 _c204
_d204
003 AR-CdUCM
008 190222b ||||| |||| 00| 0 spa d
020 _a8470760262
040 _aMUNICIPALIDAD PROVINCIAL DEL CUSCO
_cBIBLIOTECA MUNICIPAL DEL CUSCO
082 _a858.8 /
_bSA164
100 _aSalgari, Emilio
_9800
245 _aEn los Junglares de la India /
260 _aMadrid :
_bGahe,
_c1975.
300 _a148 paginas ;
_b8 Ilustraciones.
_c20 cm.
505 _aLa columna infernal -- El parlamentario -- El asedio -- La retirada -- Un tiro funesto...
650 _aAnimales
_9917
650 _aRios
_9918
650 _aAnillos
_9919
650 _aElefantes
_9920
942 _2ddc
_cLIBROS
945 _awnts
_d2019-02-22